Сокровище красного племени (Запись № 5273353)

Подробности
000 -МАРКЕР
контрольное поле 01285nam0a22002771 4500
001 - ИДЕНТИФИКАТОР ЗАПИСИ
контрольное поле rc\2646125
005 - ИДЕНТИФИКАТОР ВЕРСИИ
контрольное поле 20260608065452.0
035 ## - ДРУГИЕ СИСТЕМНЫЕ НОМЕРА
Идентификатор записи (NLR Aleph) 006953824
100 ## - ДАННЫЕ ОБЩЕЙ ОБРАБОТКИ
Данные общей обработки 20110608d1928 |||y0rusy50 ca
101 1# - ЯЗЫК РЕСУРСА
Язык текста, звукозаписи и т.д. русский
Язык оригинала английский
102 ## - СТРАНА ПУБЛИКАЦИИ ИЛИ ПРОИЗВОДСТВА
Страна публикации Российская Федерация
105 ## - ПОЛЕ КОДИРОВАННЫХ ДАННЫХ: ТЕКСТОВЫЕ МАТЕРИАЛЫ, МОНОГРАФИЧЕСКИЕ
Кодированные данные о монографическом текстовом документе a z |||||
200 1# - ЗАГЛАВИЕ И СВЕДЕНИЯ ОБ ОТВЕТСТВЕННОСТИ
Основное заглавие Сокровище красного племени
Сведения, относящиеся к заглавию [Повесть]
Первые сведения об ответственности Пер. с англ. и обработка А.В. Кривцовой
Последующие сведения об ответственности Обложка худож. И. Француза
210 ## - ПУБЛИКАЦИЯ, РАСПРОСТРАНЕНИЕ И ДР.
Место издания, распространения и т.д. Москва
-- Ленинград
Имя издателя, распространителя и т. д. Гос. изд-во
Дата издания, распространения и т.д. 1928
Место изготовления Москва
Имя изготовителя 1-я Образцовая тип.
215 ## - ФИЗИЧЕСКАЯ ХАРАКТЕРИСТИКА
Специфическое обозначение материала и объем 115, [2] с., [3] с. объявл.
Другие сведения о физической характеристике ил.
Размеры 20×13 см
225 1# - СЕРИЯ
Основное заглавие серии Новая детская библиотека
Сведения, относящиеся к заглавию Средний и старший возраст
300 ## - ОБЩИЕ ПРИМЕЧАНИЯ
Текст примечания На обороте тит. листа: "Charles Gilson. The treasure of the red tribe"
700 #1 - ИМЯ ЛИЦА - ПЕРВИЧНАЯ ОТВЕТСТВЕННОСТЬ
Начальный элемент ввода Джильсон
Часть имени, кроме начального элемента ввода Ч.
Даты 1878-
Расширение инициалов личного имени Чарльз
702 #1 - ИМЯ ЛИЦА - ВТОРИЧНАЯ ОТВЕТСТВЕННОСТЬ
Код отношения Переводчик
Начальный элемент ввода Кривцова
Часть имени, кроме начального элемента ввода А. В.
Дополнения к именам, кроме дат переводчик
Даты 1896-1958
Расширение инициалов личного имени Александра Владимировна
Идентификатор авторитетной/нормативной записи RU\NLR\AUTH\770153720
Системный номер авторитетной/нормативной записи 153682
702 #1 - ИМЯ ЛИЦА - ВТОРИЧНАЯ ОТВЕТСТВЕННОСТЬ
Начальный элемент ввода Француз
Часть имени, кроме начального элемента ввода И.
Код отношения Иллюстратор
801 #0 - ИСТОЧНИК ЗАПИСИ
Страна Российская Федерация
Организация NLR
Правила каталогизации psbo
801 #1 - ИСТОЧНИК ЗАПИСИ
Страна Российская Федерация
Организация ELAR
Источник данных rusmarc
852 ## - МЕСТОНАХОЖДЕНИЕ И ШИФР ХРАНЕНИЯ
Идентификатор организации NLR
Шифр хранения (Call Number) 44/22
942 ## - ДОПОЛНИТЕЛЬНЫЕ ЭЛЕМЕНТЫ ЗАПИСИ (АБИС)
Тип экземпляра АБИС Книга
980 ## - КОЛЛЕКЦИЯ
Название коллекции Национальная библиография
Экземпляры
Тип экземпляра Дата поступления Библиотека постоянного хранения Библиотека текущего хранения Место хранения Шифр хранения Штрих-код Статус экземпляра
Книга 26.10.2013 РНБ (Садовая) РНБ (Садовая) Русский книжный фонд -Главное здание, Ленинский читальный зал 44/22 6953824-10